Fijar los casos en que sea precisa la trepanación (Record no. 165885)

MARC details
000 -LEADER
campo de control de longitud fija 00981nam a2200181 i 4500
001 - NÚMERO DE CONTROL
campo de control 165885
003 - IDENTIFICADOR DE NÚMERO DE CONTROL
campo de control ES-MaACL
005 - FECHA Y HORA DE LA ÚLTIMA TRANSACCIÓN
campo de control 20230906213225.0
008 - DATOS DE LONGITUD FIJA--INFORMACIÓN GENERAL
campo de control de longitud fija 990310s1852 sp |||| | spa d
100 1# - ENTRADA PRINCIPAL--NOMBRE DE PERSONA
Nombre de persona Suénder, Enrique (
Fechas asociadas al nombre 1829-1897)
9 (RLIN) 108728
245 10 - MENCIÓN DEL TÍTULO
Título Fijar los casos en que sea precisa la trepanación
Resto del título : discurso oral pronunciado en la Academia Quirúrgica Matritense el día 14 de marzo de 1852 en las oposiciones al concurso de premios estraordinarios [sic] /
Mención de responsabilidad, etc. por Enrique Suender.
260 ## - PUBLICACIÓN, DISTRIBUCIÓN, ETC.
Lugar de publicación, distribución, etc. Madrid :
Nombre del editor, distribuidor, etc. Libreria Estranjera,
Fecha de publicación, distribución, etc. 1852 (
Fabricante Estab. Tip. Militar)
300 ## - DESCRIPCIÓN FÍSICA
Extensión 45 p. ;
Dimensiones 16 cm.
530 ## - NOTA DISPONIBLE DE FORMULARIO FÍSICO ADICIONAL
Nota de formato físico adicional disponible Disponible en formato digital.
650 #4 - PUNTO DE ACCESO ADICIONAL DE MATERIA--TÉRMINO DE MATERIA
Término de materia o nombre geográfico como elemento de entrada Trepanación.
9 (RLIN) 159238
852 ## - LOCALIZACIÓN
Ubicación ES-MaACL
Número de control de estantería T-405-F-2
condición física - Ejemp. guillotinado
Nota libre - Enc. hol., falto de enc. original
-- . - Ded. de Gustavo Sáenz a la bilioteca "Los Escolares Médicos "
-- - Enc. en un vol. facticio
856 ## - LOCALIZACIÓN Y ACCESO ELECTRÓNICOS
Identificador Uniforme de Recursos <a href="http://bdh-rd.bne.es/viewer.vm?id=0000095787&page=1 ">http://bdh-rd.bne.es/viewer.vm?id=0000095787&page=1 </a>
Nota pública Biblioteca Digital Hispánica
Holdings
Estatus retirado Estado de pérdida Estado de daño No para préstamo Colección Biblioteca de origen Biblioteca actual Ubicación en estantería Fecha de adquisición Total de préstamos Signatura topográfica completa Código de barras Visto por última vez Precio de reemplazo Tipo de ítem Koha
        Colección de folletos Biblioteca del Ateneo de Madrid Biblioteca del Ateneo de Madrid Depósito folletos 17/01/2008   T-405-F-2 1173965 23/02/2023 23/02/2023 Folleto